00547nam a2200169 a 4500003000500000005001700005008004100022020001800063050002500081100001900106245005000125260006000175300002400235440005400259500005100313650001300364PILC20160301143432.0080114s19uu xx 00 eng d a9788189161903 aG 155.A1b.M235 2006 aMakan, Dileep. aConceptualization of tourism /cDileep Makan. aNew Delhi :bAdhyayan Publishers & Distributors,c2006. a254 pages ;c25 cm. aTourism Development in 21st century series book 1 aIncludes bibliographical references and index. aTourism.